Normal view
MARC view
- شركات البترول- جوانب اقتصادية
Entry Topical Term
001 - CONTROL NUMBER
- control field: 40550
003 - CONTROL NUMBER IDENTIFIER
- control field: JO-AjAnu
005 - DATE AND TIME OF LATEST TRANSACTION
- control field: 20230606080732.0
008 - FIXED-LENGTH DATA ELEMENTS
- fixed length control field: 230606|| aca||aabn | a|a d
040 ## - CATALOGING SOURCE
- Original cataloging agency: JO-AjAnu
- Transcribing agency: JO-AjAnu
150 ## - HEADING--TOPICAL TERM
- Topical term or geographic name entry element: شركات البترول- جوانب اقتصادية
670 ## - SOURCE DATA FOUND
- Source citation: Work cat.: (JO-AjAnu)20786: ميلافيج وبلوشار؛ ترجمة:رشاد مهدي هاشم، عبدالوهاب عزت محمد, author 40549, الشركات النفطية العالمية=compagnies pétrolières internationales